Supreme court on landlord & tenant : exhaustive , comprehensive analytical and update (Record no. 412669)

000 -LEADER
fixed length control field 00483cam a22001457a 4500
008 - FIXED-LENGTH DATA ELEMENTS--GENERAL INFORMATION
fixed length control field 180718b1972 xxu||||| |||| 00| 0 eng d
082 ## - DEWEY DECIMAL CLASSIFICATION NUMBER
Classification number XA4601x54 Sa73
100 ## - MAIN ENTRY--PERSONAL NAME
Personal name Sarin, H.L.
245 ## - TITLE STATEMENT
Title Supreme court on landlord & tenant : exhaustive , comprehensive analytical and update
Statement of responsibility, etc. by H.L. Sarin, K.L. Pandit And P.N. Sharma
260 ## - PUBLICATION, DISTRIBUTION, ETC.
Place of publication, distribution, etc. Delhi
Name of publisher, distributor, etc. Vinod
Date of publication, distribution, etc. 1972
300 ## - PHYSICAL DESCRIPTION
Extent 183p
650 ## - SUBJECT ADDED ENTRY--TOPICAL TERM
Topical term or geographic name entry element Landlord and tenant --India --Digests.
700 ## - ADDED ENTRY--PERSONAL NAME
Personal name Sharma, P.N.
700 ## - ADDED ENTRY--PERSONAL NAME
Personal name Pandit, K.L.
Holdings
Withdrawn status Lost status Damaged status Not for loan Permanent Location Current Location Date acquired Full call number Barcode Date last seen Price effective from Koha item type
        Indian Institute of Public Administration Indian Institute of Public Administration 2009-02-09 XA4601x54 Sa73 DA4093 2018-07-21 2018-07-21 DA

Powered by Koha